Hearthstone- All Rogue Legendary Cards - Statistics

General Stats
  • This quiz has been taken 9 times
    5 since last reset
  • The average score is 9 of 21
Answer Stats
Mana Cost Answer % Correct
9 Anub'arak
100%
3 Edwin VanCleef
100%
6 Trade Prince Gallywix
80%
4 Sherazin, Corpse Flower
60%
3 Sonya Shadowdancer
60%
8 Tess Greymane
60%
4 Xaril, Poisoned Mind
60%
6 Aya Blackpaw
40%
3 Face Collector
40%
6 Heistbaron Togwaggle
40%
1 Kingsbane
40%
4 Lilian Voss
40%
5 Myra Rotspring
40%
5 Myra's Unstable Element
40%
3 Shaku the Collector
40%
1 The Caverns Below
40%
8 Captain Hooktusk
20%
5 Gral, The Shark
20%
5 Waxadred
20%
6 Flik Skyshiv
0%
7 Galakrond, the Nightmare
0%
No matching quizzes found
Score Distribution
Percent of People with Each Score
Percentile by Number Answered
Your Score History
You have not taken this quiz since the last reset